000 00914cam a22002531i 4500
003 SA-RiAUC
005 20250926161639.0
008 250921s2004 ua g 000u0 ara c
040 _aSA-JeALM
_bara
_cSA-RiAUC
_erda
043 _aa-ii---
082 0 4 _a210.954
090 _a210.954
_bم ح ف
100 1 _aمحفوظ، حازم محمد أحمد.
_d1964-
_eمؤلف.
245 1 0 _aازدهار الإسلام في شبه القارة الهندية /
_cحازم محمد أحمد محفوظ.
264 1 _aالقاهرة :
_bدار الثقافة،
_c2004.
300 _a176 صفحة،
_c24 سم.
336 _aنص
_btxt
_2rdacontent
_3كتاب
337 _aبدون وسيط
_bn
_2rdamedia
338 _aمجلد
_bnc
_2rdacarrier
650 7 _aالإسلام
_zالهند
_2aucsh
650 7 _aالمسلمون
_zالهند
_2aucsh
942 _2ddc
_cBOOK
_n0
949 _aSA-JeALM
_d250921
_umohamedma123
_n1
999 _c12116
_d12116